| 000 | 00621nam a22002177a 4500 | ||
|---|---|---|---|
| 003 | OSt | ||
| 005 | 20140310182009.0 | ||
| 008 | 121119t xxu||||| |||| 00| 0 eng d | ||
| 020 | _a0861634071 | ||
| 050 |
_aPZ 7 _b.B661 1989 |
||
| 082 |
_aKF _bB62t 1989 |
||
| 100 |
_aBlyton, Enid _94844 |
||
| 245 |
_aThe Tower in Ho-Ho Wood and other Stories / _cEnid Blyton ; illustrated by Lesley Blackman |
||
| 260 |
_aLondon : _bAward Publications Limited, _c1989 |
||
| 300 |
_a192 p. ; _bill. ; _c19 cm. |
||
| 541 | _j1 | ||
| 562 | _e1 | ||
| 650 |
_aFiction _9746 |
||
| 700 |
_aBlyton, Enid _94844 |
||
| 942 |
_2lcc _cBK-KF _kKF |
||
| 999 |
_c8098 _d8098 |
||